| 000 | 00735cam a22002291 4500 | ||
|---|---|---|---|
| 001 | ne 68003806 | ||
| 003 | DLC | ||
| 005 | 20260227111847.0 | ||
| 008 | 750930s1965 tu b 001 0 tur | ||
| 010 | _ane 68003806 | ||
| 035 | _a(OCoLC)1663272 | ||
| 040 |
_aDLC _cOU _dDLC |
||
| 042 | _apremarc | ||
| 050 | 0 | 0 |
_aPL55.K3 _bA7 |
| 100 | 1 | _aAratan, Ekrem Ural. | |
| 245 | 1 | 0 | _aKâşgar ağzından derlemeler. |
| 260 |
_a[Ankara] _bAnkara Üniversitesi Basımevi [Yayınlayan: Türk Kültürünü Araştırma Enstitüsü] _c1965. |
||
| 300 |
_aviii, 72 p. _c24 cm. |
||
| 490 | 0 | _aTürk Kültürünü Araştırma Enstitüsü yayınlari, 12. Seri 5, sayı: A-5 | |
| 504 | _aBibliography: p. 5. | ||
| 650 | 0 |
_aKashgar language _xTexts. |
|
| 999 |
_c50831 _d50831 |
||